Foundations of Engineering Geology (Record no. 533751)
[ view plain ]
| 000 -LEADER | |
|---|---|
| fixed length control field | 00340nam a22001457a 4500 |
| 020 ## - INTERNATIONAL STANDARD BOOK NUMBER | |
| International Standard Book Number | 0415469600 |
| 040 ## - CATALOGING SOURCE | |
| Transcribing agency | MSOHAIL |
| 082 ## - DEWEY DECIMAL CLASSIFICATION NUMBER | |
| Classification number | 624.151 |
| Author Mark | WAL |
| 100 ## - MAIN ENTRY--PERSONAL NAME | |
| Personal name | Tony Waltham |
| 9 (RLIN) | 27726 |
| 245 ## - TITLE STATEMENT | |
| Title | Foundations of Engineering Geology |
| 250 ## - EDITION STATEMENT | |
| Edition statement | 3rd Edition |
| 260 ## - PUBLICATION, DISTRIBUTION, ETC. | |
| Place of publication, distribution, etc. | India |
| Name of publisher, distributor, etc. | CRC Press; |
| Date of publication, distribution, etc. | c2009 |
| 300 ## - PHYSICAL DESCRIPTION | |
| Extent | 98;pxv |
| 942 ## - ADDED ENTRY ELEMENTS (KOHA) | |
| Source of classification or shelving scheme | |
| Koha item type | Book |
| Withdrawn status | Lost status | Source of classification or shelving scheme | Damaged status | Not for loan | Permanent Location | Current Location | Date acquired | Total Checkouts | Total Renewals | Full call number | Barcode | Checked out | Date last seen | Date last checked out | Price effective from | Koha item type |
|---|---|---|---|---|---|---|---|---|---|---|---|---|---|---|---|---|
| School of Civil and Environmental Engineering (SCEE) | School of Civil and Environmental Engineering (SCEE) | 01/17/2020 | 1 | 1 | 624.151 WAL | NIT-13053 | 10/23/2025 | 06/25/2025 | 06/25/2025 | 01/17/2020 | Book |
